New York Subway Lines - Sudden Death - Statistics

General Stats
  • This quiz has been taken 786 times
  • The average score is 16 of 23
Answers on the Grid
Answers color-coded by a green-red scale on the quiz's grid according to % correct below.
A
B
C
D
E
F
G
H
I
J
K
L
M
N
O
P
Q
R
S
T
U
V
W
X
Y
Z
1
2
3
4
5
6
7
8
9
0
 
Answer Stats
Answer % Correct
A
95%
C
90%
B
88%
D
85%
F
83%
E
81%
1
73%
G
73%
3
72%
4
71%
2
70%
6
67%
5
66%
N
64%
Q
64%
J
63%
L
62%
M
61%
R
61%
7
59%
S
53%
W
51%
Z
49%
No matching quizzes found
Score Distribution
Percent of People with Each Score
Percentile by Number Answered
Your Score History
You have not taken this quiz